| 000 | 00000nas 2200000zi 4500 |
| 001 | 9.865968 |
| 003 | CaOODSP |
| 005 | 20250917135414 |
| 006 | m o d f |
| 007 | cr ||||||||||| |
| 008 | 190624c20179999oncar p o f000 a0eng|d |
| 020 | |z9780660289717 |
| 022 | |a2816-6701 |
| 040 | |aCaOODSP|beng|erda|cCaOODSP |
| 043 | |an-cn--- |
| 086 | 1 |aJ1-27E-PDF|zJ4-85/2018E-PDF |
| 222 | 0|aLegal aid in Canada, ... |b(Online) |
| 245 | 00|aLegal aid in Canada, ... |
| 264 | 1|a[Ottawa] : |bDepartment of Justice Canada = Ministère de la Justice Canada, |c[2018]- |
| 336 | |atext|btxt|2rdacontent |
| 337 | |acomputer|bc|2rdamedia |
| 338 | |aonline resource|bcr|2rdacarrier |
| 362 | 1 |aBegan with 2016/2017. |
| 500 | |aIssued also in French under title: Aide juridique au Canada en ... |
| 500 | |aCover title. |
| 520 | 8 |a"After the discontinuation of the Legal Aid Survey in 2016, the Department of Justice Canada (JUS) began data collection and reporting in-house. This is the first legal aid annual report since the cancellation of the Legal Aid Survey. Data for 2015-16 is not available due to the change in approach to data collection and reporting."--Page 3, 2016-2017 report. |
| 550 | |aIssued by: Research and Statistics Division and Legal Aid Directorate |
| 588 | |aDescription based on: 2016/2017. |
| 588 | |aLatest issue consulted: 2018/2019. |
| 650 | 0|aLegal aid|zCanada|vPeriodicals. |
| 650 | 0|aPoor|xServices for|zCanada|vPeriodicals. |
| 655 | 7|aPeriodicals|2lcgft |
| 710 | 1 |aCanada. |bDepartment of Justice. |bResearch and Statistics Division, |eissuing body. |
| 775 | 08|tAide juridique au Canada en ... |w(CaOODSP)9.865970 |